[Event "Ostravsky konik 2010 MCR Open"]
[Site "Ostrava"]
[Date "2010.05.08"]
[Round "8.29"]
[White "Michenka, Jozef"]
[Black "Umanec, Filip"]
[Result "1/2-1/2"]
[WhiteElo "2390"]
[BlackElo "2226"]
[PlyCount "38"]
[EventDate "2010.05.09"]
[EventType "swiss"]
[EventCountry "CZE"]

1. d4 d5 2. c4 e6 3. Nc3 c6 4. e3 f5 5. Nf3 Nf6 6. Bd3 Bd6 7. Ne5 O-O 8. f4 Ne4
9. O-O b6 10. Bd2 Bb7 11. Be1 Nd7 12. Qa4 Nxe5 13. fxe5 Be7 14. Qd1 Qe8 15. Qe2
Qg6 16. h3 c5 17. cxd5 Nxc3 18. Bxc3 Bxd5 19. Bc4 Rad8 1/2-1/2

[Event "Ostravsky konik 2010 MCR Open"]
[Site "Ostrava"]
[Date "2010.05.08"]
[Round "8.30"]
[White "Vlach, Karel"]
[Black "Roško, Luboš"]
[Result "0-1"]
[WhiteElo "2171"]
[BlackElo "2345"]
[PlyCount "124"]
[EventDate "2010.05.09"]
[EventType "swiss"]
[EventCountry "CZE"]

1. d4 Nf6 2. Nf3 g6 3. g3 Bg7 4. Bg2 c5 5. O-O O-O 6. c4 Nc6 7. Nc3 cxd4 8.
Nxd4 d6 9. Nxc6 bxc6 10. Bxc6 Rb8 11. Qa4 a5 12. a3 Nd7 13. Nb5 Nc5 14. Qd1 Be6
15. Bd5 Bh3 16. Bg2 Bxg2 17. Kxg2 d5 18. Be3 dxc4 19. Qxd8 Rfxd8 20. Na7 Nb3
21. Rab1 Nd2 22. Bxd2 Rxd2 23. Rfc1 Rbxb2 24. Rxb2 Bxb2 25. Rxc4 Bxa3 26. Kf3
Rd5 27. Nc6 Rf5+ 28. Kg2 Rb5 29. Nd4 Rc5 30. Ra4 Bb4 31. Nb3 Rb5 32. Nd4 Rb6
33. Nb3 Bc3 34. Nc5 Rb5 35. Rc4 Bb4 36. Na4 Rd5 37. Kf3 f5 38. h4 e5 39. Rc7
e4+ 40. Kg2 Rd2 41. e3 Ra2 42. Nb6 Be1 43. Nd5 Rxf2+ 44. Kh1 Rd2 45. Nf6+ Kf8
46. Nxh7+ Ke8 47. h5 gxh5 48. Nf6+ Kd8 49. Ra7 Rd3 50. Nxh5 Rxe3 51. Kg2 Rf3
52. Ra6 Kc7 53. g4 fxg4 54. Nf6 e3 55. Nxg4 Rg3+ 56. Kf1 Bc3 57. Nh6 Kb7 58.
Re6 a4 59. Re4 a3 60. Ra4 Rg1+ 61. Kxg1 e2 62. Kf2 e1=Q+ 0-1

[Event "Ostravsky konik 2010 MCR Open"]
[Site "Ostrava"]
[Date "2010.05.08"]
[Round "8.31"]
[White "Sikora-Lerch, Jan"]
[Black "Obšívac, Josef"]
[Result "1/2-1/2"]
[WhiteElo "2205"]
[BlackElo "2295"]
[PlyCount "70"]
[EventDate "2010.05.09"]
[EventType "swiss"]
[EventCountry "CZE"]

1. c4 e5 2. g3 Nf6 3. Bg2 c6 4. d4 exd4 5. Qxd4 d5 6. Nc3 Be6 7. cxd5 cxd5 8.
Nf3 Nc6 9. Qa4 Bc5 10. Ne5 O-O 11. Nxc6 bxc6 12. O-O Qd7 13. Bg5 Ng4 14. Rad1
h6 15. Bc1 Rad8 16. Qc2 Bb6 17. Na4 Rfe8 18. Nc5 Bf5 19. Nxd7 Bxc2 20. Rd2 Be4
21. Bxe4 dxe4 22. Nxb6 axb6 23. Rc2 Re6 24. h3 Nf6 25. b3 b5 26. Be3 Nd5 27.
Bc5 f5 28. e3 g5 29. Kh2 Kf7 30. a4 bxa4 31. bxa4 Ra8 32. Rc4 Rg6 33. Rg1 Kf6
34. Rb1 f4 35. Bd4+ Kf7 1/2-1/2

[Event "Ostravsky konik 2010 MCR Open"]
[Site "Ostrava"]
[Date "2010.05.08"]
[Round "8.32"]
[White "Jedlicka, Aleš"]
[Black "Zwardon, Vojtech"]
[Result "1-0"]
[WhiteElo "2293"]
[BlackElo "2205"]
[PlyCount "88"]
[EventDate "2010.05.09"]
[EventType "swiss"]
[EventCountry "CZE"]

1. Nf3 c5 2. c4 e6 3. g3 b6 4. Bg2 Bb7 5. O-O Nf6 6. Nc3 Be7 7. d4 cxd4 8. Qxd4
Nc6 9. Qf4 O-O 10. Rd1 Qb8 11. b3 Rd8 12. Qxb8 Nxb8 13. Bf4 d5 14. cxd5 Nxd5
15. Nxd5 exd5 16. Nd4 Na6 17. Rac1 Nc5 18. b4 Na6 19. a3 Bf6 20. Nb5 g5 21. Be3
Rd7 22. Bh3 Re7 23. Nd6 d4 24. Bxd4 Bxd4 25. Rxd4 Rd8 26. Rcd1 Rf8 27. Nxb7
Rxb7 28. Rd7 Rxd7 29. Rxd7 Ra8 30. Bg2 Rc8 31. Rxa7 Rc1+ 32. Bf1 Nc7 33. Kg2 h5
34. e3 g4 35. Rb7 Ne6 36. Rd7 Ng5 37. Be2 Rc2 38. Kf1 Nf3 39. h4 Ra2 40. Rd3
Kg7 41. b5 Ne5 42. Rc3 Ra1+ 43. Kg2 Ra2 44. Bc4 Nf3 1-0

[Event "Ostravsky konik 2010 MCR Open"]
[Site "Ostrava"]
[Date "2010.05.08"]
[Round "8.33"]
[White "Daneš, Jaroslav"]
[Black "Bartoš, Jan"]
[Result "0-1"]
[WhiteElo "2261"]
[BlackElo "2201"]
[PlyCount "91"]
[EventDate "2010.05.09"]
[EventType "swiss"]
[EventCountry "CZE"]

1. Nf3 d5 2. d4 Nf6 3. e3 e6 4. c4 Be7 5. Bd3 dxc4 6. Bxc4 c5 7. Nc3 a6 8. a3
b5 9. Bd3 Bb7 10. dxc5 Bxc5 11. b4 Ba7 12. Bb2 O-O 13. O-O Nc6 14. Qe2 Qe7 15.
Rac1 Rac8 16. Bb1 Bb8 17. Ne4 Nxe4 18. Bxe4 Na7 19. Bb1 Rxc1 20. Rxc1 Rc8 21.
Rxc8+ Nxc8 22. Qd3 f5 23. Ba2 Kf8 24. Nd4 Be4 25. Nxe6+ Ke8 26. Nxg7+ Qxg7 27.
Qxe4+ fxe4 28. Bxg7 Ne7 29. Be6 Bd6 30. Bc3 Kd8 31. f4 exf3 32. gxf3 Nc6 33.
Bd5 Ne5 34. f4 Nd7 35. Kf2 Nb6 36. Bb3 Be7 37. e4 Kc7 38. Kf3 Kc6 39. Kg4 Na4
40. Ba1 a5 41. bxa5 Bxa3 42. Bxa4 bxa4 43. e5 Be7 44. a6 a3 45. a7 Kb7 46. e6
0-1

[Event "Ostravsky konik 2010 MCR Open"]
[Site "Ostrava"]
[Date "2010.05.08"]
[Round "8.34"]
[White "Adámek, Jiøí"]
[Black "Cižinský, Petr"]
[Result "1/2-1/2"]
[WhiteElo "2254"]
[BlackElo "2124"]
[PlyCount "45"]
[EventDate "2010.05.09"]
[EventType "swiss"]
[EventCountry "CZE"]

1. d4 Nf6 2. g3 c5 3. d5 g6 4. Bg2 d6 5. Nf3 Bg7 6. O-O O-O 7. c4 b5 8. cxb5 a6
9. bxa6 Bxa6 10. Re1 Nbd7 11. Nc3 Ng4 12. Qc2 Qb6 13. h3 Nge5 14. Nd2 Nc4 15.
Bf1 Rfb8 16. Nxc4 Bxc4 17. Qe4 Ne5 18. f4 f5 19. Qc2 Nd7 20. Bg2 Nf6 21. Kh2
Qb4 22. Qd2 Ra7 23. g4 1/2-1/2

[Event "Ostravsky konik 2010 MCR Open"]
[Site "Ostrava"]
[Date "2010.05.08"]
[Round "8.35"]
[White "Pertlová, Sona"]
[Black "Folk, Petr"]
[Result "1/2-1/2"]
[WhiteElo "2201"]
[BlackElo "2244"]
[PlyCount "105"]
[EventDate "2010.05.09"]
[EventType "swiss"]
[EventCountry "CZE"]

1. d4 Nf6 2. Nf3 g6 3. c4 Bg7 4. g3 O-O 5. Bg2 d6 6. Nc3 Nc6 7. O-O a6 8. d5
Na5 9. b3 c5 10. dxc6 Nxc6 11. Bb2 Qa5 12. Qc1 Bd7 13. Rd1 Rfc8 14. Nd5 Nxd5
15. Bxg7 Kxg7 16. Rxd5 Qd8 17. c5 Be6 18. Rd2 Qa5 19. Qb2+ Kg8 20. cxd6 exd6
21. Rxd6 Rd8 22. Rad1 Rxd6 23. Rxd6 Rd8 24. Rxd8+ Qxd8 25. Qd2 Qf6 26. h4 a5
27. Ng5 a4 28. Nxe6 axb3 29. Qd7 Qxe6 30. Qxe6 fxe6 31. axb3 Nd4 32. b4 b5 33.
e3 Nc2 34. Bc6 Nxb4 35. Bxb5 Kf7 36. Kg2 Kf6 37. Kf3 h6 38. e4 e5 39. Ke2 Nc2
40. Kd3 Nd4 41. Kc4 Ke6 42. Kc5 g5 43. Bc4+ Kf6 44. h5 Nf3 45. Kd5 Nd2 46. Bd3
Nf3 47. Be2 Nd2 48. Bd3 Nf3 49. Kd6 Nd4 50. Kd7 Nf3 51. Kd6 Nd4 52. Kd7 Nf3 53.
Kd6 1/2-1/2

[Event "Ostravsky konik 2010 MCR Open"]
[Site "Ostrava"]
[Date "2010.05.08"]
[Round "8.36"]
[White "Sikora, Jan"]
[Black "Folková, Martina"]
[Result "1/2-1/2"]
[WhiteElo "2238"]
[BlackElo "2128"]
[PlyCount "141"]
[EventDate "2010.05.09"]
[EventType "swiss"]
[EventCountry "CZE"]

1. e4 e5 2. f4 Bc5 3. Nf3 d6 4. c3 Nf6 5. d4 Bb6 6. fxe5 Nxe4 7. Bd3 d5 8. O-O
h6 9. Bxe4 dxe4 10. Nfd2 Qd5 11. Qb3 c6 12. Rf4 Be6 13. Nxe4 Qxe5 14. Qb4 Na6
15. Qd6 Qh5 16. Ng3 Qg6 17. Rf3 Bc7 18. Qa3 O-O-O 19. Bf4 Bxf4 20. Rxf4 Qg5 21.
Rf2 Qc1+ 22. Nf1 Rhe8 23. b4 Qe1 24. Qb2 Bd5 25. Nbd2 Qe6 26. a4 Nc7 27. b5
cxb5 28. axb5 Qb6 29. c4 Bc6 30. Qa3 Bxb5 31. cxb5 Nxb5 32. Qc5+ Qxc5 33. dxc5
Re7 34. Nc4 Kc7 35. Nd6 Nxd6 36. cxd6+ Rxd6 37. Rxa7 Ra6 38. Rxa6 bxa6 39. Ra2
Kb6 40. Nd2 Kb5 41. Kf2 Re6 42. Rb2+ Kc5 43. Rb7 Rf6+ 44. Ke3 Kc6 45. Ra7 Kb6
46. Re7 a5 47. Nc4+ Kb5 48. Ne5 Re6 49. Rxe6 fxe6 50. Kd4 a4 51. Nd3 a3 52. Nc1
Kb4 53. h4 g6 54. g4 e5+ 55. Kd3 Kc5 56. Na2 Kd5 57. Nb4+ Kc5 58. Kc3 e4 59.
Na2 Kd5 60. Kd2 Kd4 61. g5 hxg5 62. hxg5 e3+ 63. Ke2 Ke4 64. Nc3+ Kf4 65. Na2
Kxg5 66. Kxe3 Kg4 67. Kf2 Kf4 68. Kg2 Ke3 69. Kg3 Kd3 70. Kg4 Kc2 71. Kg5
1/2-1/2

[Event "Ostravsky konik 2010 MCR Open"]
[Site "Ostrava"]
[Date "2010.05.08"]
[Round "8.37"]
[White "Malík, Jan"]
[Black "Valícková, Martina"]
[Result "1-0"]
[WhiteElo "2232"]
[BlackElo "2072"]
[PlyCount "89"]
[EventDate "2010.05.09"]
[EventType "swiss"]
[EventCountry "CZE"]

1. Nf3 Nf6 2. d4 d5 3. c4 c6 4. Nc3 dxc4 5. a4 Bf5 6. e3 e6 7. Bxc4 Bb4 8. O-O
Nbd7 9. Qe2 Bg6 10. Rd1 Qa5 11. Na2 Bd6 12. Bd2 Qh5 13. Bb4 Bxb4 14. Nxb4 O-O
15. Nd3 Be4 16. Nf4 Bxf3 17. Qxf3 Qxf3 18. gxf3 e5 19. Ne2 Rfe8 20. a5 Kf8 21.
Rdc1 Rac8 22. Ra3 exd4 23. Nxd4 Ne5 24. Be2 a6 25. Rb3 Rc7 26. f4 Ng6 27. Bf3
Rd8 28. Rd3 Rcd7 29. Rdc3 Nd5 30. Rb3 Nf6 31. Rb6 Rc7 32. Nb3 Nd7 33. Rb4 Ne7
34. e4 Nf6 35. Nc5 Rd2 36. Nxb7 Ng6 37. e5 Nh4 38. exf6 Nxf3+ 39. Kg2 Nh4+ 40.
Kh3 Nf5 41. Nc5 gxf6 42. Rb8+ Kg7 43. Rg1+ Kh6 44. Ne4 Rd3+ 45. Kg4 1-0

[Event "Ostravsky konik 2010 MCR Open"]
[Site "Ostrava"]
[Date "2010.05.08"]
[Round "8.39"]
[White "Sobek, Jaroslav"]
[Black "Tauš, Martin"]
[Result "1-0"]
[WhiteElo "2303"]
[BlackElo "2099"]
[PlyCount "113"]
[EventDate "2010.05.09"]
[EventType "swiss"]
[EventCountry "CZE"]

1. d4 Nc6 2. Nf3 d5 3. c4 Nf6 4. cxd5 Qxd5 5. Nc3 Qh5 6. Bf4 e6 7. Bxc7 Bb4 8.
Bf4 Qg4 9. Be5 Nd5 10. Rc1 O-O 11. e3 Nxe5 12. Nxe5 Qxd1+ 13. Kxd1 Nxc3+ 14.
bxc3 Ba3 15. Rb1 b6 16. Be2 f6 17. Nc4 Be7 18. Bf3 Rb8 19. Na5 Bd6 20. Nc6 Rb7
21. Kd2 b5 22. Rhc1 Rb6 23. Nxa7 Bd7 24. c4 Ba3 25. Rc3 Ra6 26. Nxb5 Bxb5 27.
cxb5 Ra4 28. Rc2 Rb8 29. Bc6 Rb4 30. Rxb4 Bxb4+ 31. Kd3 Ba5 32. Kc4 Kf7 33. e4
Ke7 34. f4 Kd6 35. a4 Rf8 36. Rf2 Rd8 37. Rf3 Bb6 38. Rg3 Rg8 39. e5+ Ke7 40.
d5 exd5+ 41. Bxd5 Re8 42. Bc6 Rd8 43. Rd3 Rxd3 44. Kxd3 fxe5 45. fxe5 Ke6 46.
Ke4 Bc7 47. Bd5+ Ke7 48. Bg8 h6 49. Kd5 g6 50. h3 h5 51. Be6 h4 52. Bg4 Kf7 53.
e6+ Ke7 54. Kc6 Ba5 55. b6 Bd2 56. a5 Bf4 57. a6 1-0

[Event "Ostravsky konik 2010 MCR Open"]
[Site "Ostrava"]
[Date "2010.05.08"]
[Round "8.41"]
[White "Kapusta, Petr"]
[Black "Olšar, Jaroslav"]
[Result "0-1"]
[WhiteElo "2186"]
[BlackElo "2317"]
[PlyCount "56"]
[EventDate "2010.05.09"]
[EventType "swiss"]
[EventCountry "CZE"]

1. e4 e5 2. Nf3 Nc6 3. Bb5 a6 4. Ba4 Nf6 5. O-O Nxe4 6. d4 b5 7. Bb3 d5 8. dxe5
Be6 9. c3 Bc5 10. Nbd2 O-O 11. Qe2 Nxd2 12. Bxd2 Qd7 13. Be3 Be7 14. Rfd1 Na5
15. Bc2 Nc4 16. Bg5 c5 17. Qd3 g6 18. Bf6 Bxf6 19. exf6 Qd8 20. b3 Nb2 21. Qe3
Nxd1 22. Qf4 Nxc3 23. Qh4 Re8 24. Ne5 Ne2+ 25. Kf1 Nd4 26. g4 Qd6 27. Nxg6 Nxc2
28. Ne7+ Kh8 0-1

[Event "Ostravsky konik 2010 MCR Open"]
[Site "Ostrava"]
[Date "2010.05.08"]
[Round "8.42"]
[White "Indrák, Igor"]
[Black "Novotný, Jaroslav"]
[Result "1/2-1/2"]
[WhiteElo "2269"]
[BlackElo "2217"]
[PlyCount "25"]
[EventDate "2010.05.09"]
[EventType "swiss"]
[EventCountry "CZE"]

1. d4 c5 2. e3 e6 3. c3 Nf6 4. Nf3 d5 5. Bd3 Nbd7 6. Qe2 Bd6 7. Nbd2 O-O 8. e4
dxe4 9. Nxe4 Be7 10. O-O cxd4 11. Nxd4 Nc5 12. Nxc5 Bxc5 13. Nf3 1/2-1/2

[Event "Ostravsky konik 2010 MCR Open"]
[Site "Ostrava"]
[Date "2010.05.08"]
[Round "8.43"]
[White "Olšarová, Tereza"]
[Black "Krajina, Aleš"]
[Result "1-0"]
[WhiteElo "2269"]
[BlackElo "2195"]
[PlyCount "105"]
[EventDate "2010.05.09"]
[EventType "swiss"]
[EventCountry "CZE"]

1. e4 e6 2. d4 d5 3. e5 c5 4. c3 Qb6 5. Nf3 Nc6 6. a3 Nh6 7. b4 cxb4 8. cxb4
Nf5 9. Be3 g6 10. Nc3 Bd7 11. Rc1 a5 12. b5 Nxe3 13. fxe3 Ne7 14. Na4 Qd8 15.
Nc5 Nf5 16. Nxb7 Qb6 17. Nc5 Nxe3 18. Qb3 Nxf1 19. a4 Bh6 20. Rc3 Bxb5 21. Rxf1
Rb8 22. Qxb5+ Qxb5 23. axb5 Rxb5 24. Nxe6 Ke7 25. Nc7 Rb2 26. Nxd5+ Ke6 27.
Nc7+ Kd7 28. Na6 Ra8 29. Nc5+ Ke8 30. Rf2 Rb1+ 31. Ke2 Rb2+ 32. Kf1 Rb1+ 33.
Ne1 Rd8 34. Rd3 Rb4 35. d5 Bf4 36. e6 f5 37. g3 Bd6 38. Nd7 Rb1 39. Re2 Rc8 40.
Kf2 a4 41. Nc2 Rb2 42. Na3 Rb3 43. Rxb3 axb3 44. Nb5 Ke7 45. Nd4 Rc3 46. Nc6+
Ke8 47. Nf6+ Kf8 48. e7+ Bxe7 49. Rxe7 Rc1 50. Rb7 b2 51. Rxb2 Kf7 52. Nxh7 Re1
53. Rb7+ 1-0

[Event "Ostravsky konik 2010 MCR Open"]
[Site "Ostrava"]
[Date "2010.05.08"]
[Round "8.45"]
[White "Mrva, Marek"]
[Black "Olšarová, Karolína"]
[Result "1/2-1/2"]
[WhiteElo "2248"]
[BlackElo "2191"]
[PlyCount "55"]
[EventDate "2010.05.09"]
[EventType "swiss"]
[EventCountry "CZE"]

1. d4 Nf6 2. c3 d5 3. Nf3 Bf5 4. Bf4 e6 5. e3 Be7 6. Bd3 Bxd3 7. Qxd3 O-O 8.
Nbd2 c5 9. O-O a6 10. Ne5 Nh5 11. Bg3 Nxg3 12. hxg3 Nc6 13. f4 Nxe5 14. fxe5
Qc7 15. Nf3 Rad8 16. Rf2 b5 17. g4 f6 18. Raf1 fxe5 19. Nxe5 Rxf2 20. Rxf2 c4
21. Qe2 Bf6 22. Nf3 Qg3 23. Nh2 Qd6 24. Nf3 Qg3 25. Nd2 Bg5 26. Rf3 Qd6 27. Rf1
Qg3 28. Rf3 1/2-1/2